Breve historia de San Mateo Piñas, Oaxaca /

Bibliographic Details
Main Author: García García, Cástulo S., 1932-
Format: Book
Language:Spanish
Published: [Oaxaca?] : [publisher not identified], [1987?]
Subjects:

MARC

Tag First Indicator Second Indicator Subfields
LEADER 00000cam a2200000 a 4500
001 in00001340802
005 20151006051607.0
008 891204s1987 mx a 000 0dspa
010 |a  89213021  
020 |a 9684993870 
035 |a (OCoLC)22495000 
035 |9 AHF5721AM 
040 |a DLC  |c DLC  |d TXA  |d UtOrBLW 
043 |a n-mx--- 
049 |a TXAM 
050 0 0 |a F1391.S197  |b G37 1987 
082 0 0 |a 972/.74  |2 20 
100 1 |a García García, Cástulo S.,  |d 1932- 
245 1 0 |a Breve historia de San Mateo Piñas, Oaxaca /  |c Cástulo S. García García. 
264 1 |a [Oaxaca?] :  |b [publisher not identified],  |c [1987?] 
300 |a 476 pages :  |b illustrations ;  |c 24 cm. 
336 |a text  |b txt  |2 rdacontent 
337 |a unmediated  |b n  |2 rdamedia 
338 |a volume  |b nc  |2 rdacarrier 
651 0 |a San Mateo Piñas (Mexico)  |x History. 
999 |a MARS 
999 f f |s 531a703d-0316-3767-8176-dc6d140bd936  |i 75addb6f-804e-3fff-88dd-6f5b9417ec05  |t 0 
952 f f |p ric  |a Texas A&M University  |b Rellis Campus  |c Joint Library Facility  |d Remote Storage  |t 0  |e F1391.S197 G37 1987  |h Library of Congress classification  |i unmediated -- volume  |m A14820966948 
998 f f |a F1391.S197 G37 1987  |t 0  |l Remote Storage